[Event "CZE-chT2F 2122"]
[Site "Czech Republic"]
[Date "2022.01.30"]
[Round "7.5"]
[White "Vlacil, Vladimir"]
[Black "Keprt, Pavel"]
[Result "1/2-1/2"]
[WhiteElo "1900"]
[BlackElo "1920"]
[PlyCount "42"]
[EventDate "2021.10.17"]
[EventType "team-tourn"]
[EventRounds "11"]
[EventCountry "CZE"]
[SourceTitle "EXT 2024"]
[Source "ChessBase"]
[SourceDate "2023.10.10"]
[SourceVersion "1"]
[SourceVersionDate "2023.10.10"]
[SourceQuality "1"]
[WhiteTeam "Prostejov"]
[BlackTeam "Dobra Sokol"]
[WhiteTeamCountry "CZE"]
[BlackTeamCountry "CZE"]

1. e4 d5 2. exd5 Qxd5 3. Nc3 Qa5 4. d4 Nf6 5. Bd2 c6 6. Nf3 Bf5 7. Bc4 e6 8. 0-0 Be7 9. Nd5 Qd8 10. Nxe7 Qxe7 11. Bg5 h6 12. Bf4 Nbd7 13. Re1 0-0 14. c3 Nb6 15. Bb3 Nbd5 16. Be5 b5 17. h3 Rfd8 18. g4 Bg6 19. Bxf6 Qxf6 20. Ne5 Rac8 21. Bxd5 Rxd5 1/2-1/2

[Event "CZE-chT2F 2122"]
[Site "Czech Republic"]
[Date "2021.11.07"]
[Round "2.6"]
[White "Vlacil, Vladimir"]
[Black "Zimniok, Lubomir"]
[Result "1/2-1/2"]
[WhiteElo "1900"]
[BlackElo "2078"]
[PlyCount "67"]
[EventDate "2021.10.17"]
[EventType "team-tourn"]
[EventRounds "11"]
[EventCountry "CZE"]
[SourceTitle "EXT 2024"]
[Source "ChessBase"]
[SourceDate "2023.10.10"]
[SourceVersion "1"]
[SourceVersionDate "2023.10.10"]
[SourceQuality "1"]
[WhiteTeam "Prostejov"]
[BlackTeam "Karvina"]
[WhiteTeamCountry "CZE"]
[BlackTeamCountry "CZE"]

1. e4 e5 2. Nf3 Nc6 3. Bb5 g6 4. 0-0 Bg7 5. c3 Nge7 6. d4 exd4 7. cxd4 a6 8. Ba4 b5 9. Bb3 Na5 10. Bc2 d5 11. Qe1 Nc4 12. exd5 0-0 13. Nc3 Bb7 14. b3 Nb6 15. Bg5 f6 16. Bd2 Nexd5 17. Ne4 Re8 18. Qd1 Ne7 19. Bc3 Bd5 20. Re1 Nf5 21. Nc5 Nd6 22. Qd3 Nf7 23. h4 Rxe1+ 24. Rxe1 f5 25. Ne6 Qd6 26. Nxg7 Kxg7 27. Qe3 Nd7 28. Ng5 Nf6 29. Nxf7 Kxf7 30. Qe5 Re8 31. Qxd6 Rxe1+ 32. Bxe1 cxd6 33. f3 Ke6 34. Kf2 1/2-1/2

[Event "CZE-chT2E 1819"]
[Site "Czech Republic"]
[Date "2019.03.17"]
[Round "10.7"]
[White "Kocian, Miroslav"]
[Black "Vlacil, Vladimir"]
[Result "1-0"]
[WhiteElo "2031"]
[BlackElo "1964"]
[PlyCount "117"]
[EventDate "2018.10.14"]
[EventType "team-tourn"]
[EventRounds "11"]
[EventCountry "CZE"]
[SourceTitle "EXT 2022"]
[Source "ChessBase"]
[SourceDate "2021.10.06"]
[SourceVersion "1"]
[SourceVersionDate "2021.10.06"]
[SourceQuality "1"]
[WhiteTeam "Zlin"]
[BlackTeam "Prostejov"]
[WhiteTeamCountry "CZE"]
[BlackTeamCountry "CZE"]

1. e4 c5 2. Nf3 e6 3. d4 cxd4 4. Nxd4 a6 5. Nc3 Nc6 6. Be2 Nf6 7. 0-0 Qc7 8. Be3 Be7 9. Kh1 d5 10. exd5 exd5 11. Bf3 Be6 12. Re1 Nxd4 13. Qxd4 0-0 14. Rad1 Rfd8 15. Bf4 Bd6 16. Be5 Bxe5 17. Rxe5 Rd7 18. Rg5 Kh8 19. Na4 Rd6 20. c4 h6 21. Rg3 b6 22. cxd5 Rad8 23. Nc3 Bf5 24. h3 Qc5 25. Qxc5 bxc5 26. b3 Kg8 27. Re1 Kf8 28. Re5 g6 29. Na4 Bb1 30. Nxc5 Bxa2 31. Nb7 Bxb3 32. Nxd8 Rxd8 33. Be2 Bxd5 34. Rd3 Rd7 35. Kg1 Bc4 36. Ra3 Bxe2 37. Rxe2 Rd6 38. Rea2 Kg7 39. Rxa6 Rxa6 40. Rxa6 h5 41. g3 Ne4 42. Kg2 Nc5 43. Rc6 Ne6 44. Rb6 Nd4 45. f4 Nf5 46. Kf3 Ne7 47. Ke4 Ng8 48. Ke5 Nh6 49. Ra6 Nf5 50. Ra3 Nh6 51. Rb3 Nf5 52. g4 hxg4 53. hxg4 Nh6 54. Rg3 Ng8 55. f5 f6+ 56. Ke6 Nh6 57. g5 Nxf5 58. gxf6+ Kf8 59. Rd3 1-0

[Event "CZE-chT2E 1819"]
[Site "Czech Republic"]
[Date "2018.12.02"]
[Round "4.8"]
[White "Slanicay, Gabriel"]
[Black "Vlacil, Vladimir"]
[Result "1/2-1/2"]
[WhiteElo "1682"]
[BlackElo "1964"]
[PlyCount "34"]
[EventDate "2018.10.14"]
[EventType "team-tourn"]
[EventRounds "11"]
[EventCountry "CZE"]
[SourceTitle "EXT 2022"]
[Source "ChessBase"]
[SourceDate "2021.10.06"]
[SourceVersion "1"]
[SourceVersionDate "2021.10.06"]
[SourceQuality "1"]
[WhiteTeam "Kunovice"]
[BlackTeam "Prostejov"]
[WhiteTeamCountry "CZE"]
[BlackTeamCountry "CZE"]

1. e4 c6 2. d4 d5 3. Nc3 dxe4 4. Nxe4 Nd7 5. Nf3 Ngf6 6. Bd3 Nxe4 7. Bxe4 Nf6 8. Bd3 Bg4 9. c3 e6 10. Bf4 Bd6 11. Bxd6 Qxd6 12. h3 Bh5 13. g4 Bg6 14. Ne5 Qd5 15. f3 Bxd3 16. Qxd3 Nd7 17. Nxd7 Qxd7 1/2-1/2

[Event "CZE-chT2E 1819"]
[Site "Czech Republic"]
[Date "2018.11.04"]
[Round "2.8"]
[White "Jablecnik, Gustav"]
[Black "Vlacil, Vladimir"]
[Result "1-0"]
[WhiteElo "2092"]
[BlackElo "1964"]
[PlyCount "93"]
[EventDate "2018.10.14"]
[EventType "team-tourn"]
[EventRounds "11"]
[EventCountry "CZE"]
[SourceTitle "EXT 2022"]
[Source "ChessBase"]
[SourceDate "2021.10.06"]
[SourceVersion "1"]
[SourceVersionDate "2021.10.06"]
[SourceQuality "1"]
[WhiteTeam "Kromeriz Slavia II"]
[BlackTeam "Prostejov"]
[WhiteTeamCountry "CZE"]
[BlackTeamCountry "CZE"]

1. e4 c5 2. Bc4 d6 3. d3 e6 4. Qe2 Nc6 5. c3 Nf6 6. Bb3 Be7 7. f4 e5 8. Nf3 0-0 9. 0-0 b5 10. Bd5 Bb7 11. Bxc6 Bxc6 12. fxe5 Ne8 13. Bf4 Qb6 14. Nbd2 d5 15. Kh1 Nc7 16. Bg5 Rae8 17. exd5 Bxd5 18. Be3 Qb7 19. d4 Ne6 20. Qf2 Rc8 21. Nb3 c4 22. Nbd2 a5 23. h4 b4 24. Rab1 Qc6 25. Bg5 Rc7 26. Bxe7 Rxe7 27. Ng5 Rb7 28. Nxe6 Bxe6 29. Nf3 Bf5 30. Rbc1 Bd3 31. Rfd1 bxc3 32. Rxc3 Qe4 33. Ne1 Bb1 34. Re3 Qg6 35. a3 Rfb8 36. Rd2 Rb3 37. d5 Rxe3 38. Qxe3 h6 39. Nf3 Bd3 40. Qf4 Rd8 41. d6 Qe6 42. Nd4 Qd7 43. Rf2 Bb1 44. Qf3 Rc8 45. Qd5 Bd3 46. e6 fxe6 47. Qxe6+ 1-0

[Event "CZE-chT2E 1516"]
[Site "Czech Republic"]
[Date "2016.02.21"]
[Round "8.6"]
[White "Vlacil, Vladimir"]
[Black "Zajicek, Tomas"]
[Result "1/2-1/2"]
[WhiteElo "2005"]
[BlackElo "1989"]
[PlyCount "58"]
[EventDate "2015.10.18"]
[EventType "team-tourn"]
[EventRounds "11"]
[EventCountry "CZE"]
[SourceTitle "EXT 2022"]
[Source "ChessBase"]
[SourceDate "2021.10.06"]
[SourceVersion "1"]
[SourceVersionDate "2021.10.06"]
[SourceQuality "1"]
[WhiteTeam "Prostejov"]
[BlackTeam "Grygov II"]
[WhiteTeamCountry "CZE"]
[BlackTeamCountry "CZE"]

1. e4 c5 2. c3 Nf6 3. e5 Nd5 4. d4 cxd4 5. Nf3 Nc6 6. cxd4 e6 7. Nc3 Bb4 8. Bd2 Nxc3 9. bxc3 Be7 10. Bd3 0-0 11. Qe2 f5 12. exf6 Bxf6 13. 0-0 g6 14. Rab1 b6 15. Bh6 Bg7 16. Bxg7 Kxg7 17. h4 Qf6 18. h5 Bb7 19. Be4 d6 20. c4 d5 21. cxd5 exd5 22. Bxd5 Nxd4 23. h6+ Kh8 24. Nxd4 Bxd5 25. Qb2 Bxg2 26. Kxg2 Qg5+ 27. Kh1 Qh4+ 28. Kg2 Qg4+ 29. Kh1 Qh4+ 1/2-1/2

[Event "CZE-chT2E 1516"]
[Site "Czech Republic"]
[Date "2015.10.18"]
[Round "1.7"]
[White "Tesar, Jan"]
[Black "Vlacil, Vladimir"]
[Result "1/2-1/2"]
[WhiteElo "2078"]
[BlackElo "2005"]
[PlyCount "78"]
[EventDate "2015.10.18"]
[EventType "team-tourn"]
[EventRounds "11"]
[EventCountry "CZE"]
[SourceTitle "EXT 2022"]
[Source "ChessBase"]
[SourceDate "2021.10.06"]
[SourceVersion "1"]
[SourceVersionDate "2021.10.06"]
[SourceQuality "1"]
[WhiteTeam "Dalesice Pivovar"]
[BlackTeam "Prostejov"]
[WhiteTeamCountry "CZE"]
[BlackTeamCountry "CZE"]

1. d4 Nf6 2. c4 d6 3. Nc3 g6 4. e4 Bg7 5. f3 0-0 6. Be3 e5 7. Nge2 Nbd7 8. Qd2 exd4 9. Nxd4 Re8 10. Be2 Nc5 11. 0-0 Bd7 12. Nc2 Na4 13. Nxa4 Bxa4 14. Rad1 Bxc2 15. Qxc2 Qe7 16. Rfe1 Nd7 17. Bf2 Nc5 18. b4 Ne6 19. c5 dxc5 20. bxc5 Rad8 21. Qc4 Rxd1 22. Rxd1 Rd8 23. Rxd8+ Qxd8 24. Qd5 c6 25. Qxd8+ Nxd8 26. Bc4 Kf8 27. Kf1 Ke7 28. Bg3 Ne6 29. Bd6+ Kd7 30. Bb8 a6 31. Bxe6+ Kxe6 32. Ke2 Bd4 33. Ba7 f5 34. Kd3 Bg1 35. h3 Ke5 36. Bb8+ Ke6 37. exf5+ gxf5 38. Kc4 h5 39. Bf4 Bf2 1/2-1/2

[Event "Jirasek Memorial op 23rd"]
[Site "Rakovnik"]
[Date "2011.08.13"]
[Round "9"]
[White "Hruska, Jan"]
[Black "Vlacil, Vladimir"]
[Result "1-0"]
[WhiteElo "2048"]
[BlackElo "2015"]
[PlyCount "79"]
[EventDate "2011.08.06"]
[EventType "swiss"]
[EventRounds "9"]
[EventCountry "CZE"]
[SourceTitle "CBM 143 Extra"]
[Source "ChessBase"]
[SourceDate "2011.08.29"]
[SourceVersion "1"]
[SourceVersionDate "2011.08.29"]
[SourceQuality "1"]

1. c4 c5 2. Nc3 Nc6 3. g3 g6 4. Bg2 Bg7 5. d3 Nf6 6. e4 d6 7. Nge2 Rb8 8. 0-0 a6 9. a4 Bd7 10. Rb1 Qc8 11. d4 cxd4 12. Nxd4 Nxd4 13. Qxd4 Nh5 14. Qd3 Bh3 15. Nd5 Bxg2 16. Kxg2 Nf6 17. Nxf6+ Bxf6 18. Be3 0-0 19. b4 b6 20. b5 a5 21. f4 Qe6 22. Rf2 Rfc8 23. Rc2 Bg7 24. f5 Qe5 25. Rbc1 e6 26. Bf4 Qd4 27. Qxd4 Bxd4 28. fxe6 fxe6 29. Bxd6 Rb7 30. e5 Bc5 31. Re1 Rd7 32. Rd1 Rcd8 33. Rcd2 Kf7 34. Rf1+ Kg8 35. Rfd1 Kf7 36. Kf3 Ke8 37. Ke4 Kf7 38. Rd3 Rc8 39. Rf1+ Kg7 40. Bf8+ 1-0

[Event "CZE-chT2E 1011"]
[Site "Czech Republic"]
[Date "2010.11.21"]
[Round "3.6"]
[White "Krca, Milan"]
[Black "Vlacil, Vladimir"]
[Result "1/2-1/2"]
[WhiteElo "2025"]
[BlackElo "2027"]
[PlyCount "119"]
[EventDate "2010.10.17"]
[EventType "team-tourn"]
[EventRounds "11"]
[EventCountry "CZE"]
[SourceTitle "EXT 2012"]
[Source "ChessBase"]
[SourceDate "2011.11.24"]
[SourceVersion "1"]
[SourceVersionDate "2011.11.24"]
[SourceQuality "1"]
[WhiteTeam "Stare Mesto III"]
[BlackTeam "Prostejov"]
[WhiteTeamCountry "CZE"]
[BlackTeamCountry "CZE"]

1. e4 c5 2. Nf3 e6 3. d4 cxd4 4. Nxd4 a6 5. c4 Nf6 6. Nc3 Qc7 7. Bd3 Nc6 8. Nxc6 bxc6 9. 0-0 Bb7 10. Qe2 d6 11. Be3 Be7 12. Rac1 c5 13. Rfd1 0-0 14. Bb1 e5 15. Rd2 Rad8 16. Rcd1 Qb8 17. g4 Qc8 18. h3 h6 19. f3 Nh7 20. Nd5 Bxd5 21. Rxd5 Qe6 22. b3 Qf6 23. Rf1 Ng5 24. Kh2 Ne6 25. Qd2 Qh4 26. f4 exf4 27. Bxf4 Bg5 28. Bg3 Qxg3+ 29. Kxg3 Bxd2 30. Rxd2 Nd4 31. Rdf2 a5 32. h4 Ne6 33. Rf5 f6 34. Rd5 Rfe8 35. Rfd1 Nd4 36. Bd3 Re5 37. Rd2 Kf8 38. Rf2 Ne6 39. Rd2 Ke7 40. Bc2 Nc7 41. Rxe5+ dxe5 42. Rxd8 Kxd8 43. Bd1 Ne6 44. Kf3 Ke7 45. Ke3 Nf4 46. Kd2 Kd6 47. Kc3 Kc6 48. a3 Kb6 49. Bf3 Ne6 50. Bd1 Nd4 51. h5 Nc6 52. Kd3 Kc7 53. Ke3 Kd6 54. Kd3 Ke7 55. Kc3 Kf7 56. Bf3 g6 57. Bd1 gxh5 58. gxh5 Ke7 59. Bg4 Kd6 60. Bd1 1/2-1/2

[Event "CZE-chT2E 1011"]
[Site "Czech Republic"]
[Date "2010.10.17"]
[Round "1.6"]
[White "Uhmann, Jan"]
[Black "Vlacil, Vladimir"]
[Result "1/2-1/2"]
[WhiteElo "2158"]
[BlackElo "2027"]
[PlyCount "112"]
[EventDate "2010.10.17"]
[EventType "team-tourn"]
[EventRounds "11"]
[EventCountry "CZE"]
[SourceTitle "EXT 2012"]
[Source "ChessBase"]
[SourceDate "2011.11.24"]
[SourceVersion "1"]
[SourceVersionDate "2011.11.24"]
[SourceQuality "1"]
[WhiteTeam "Hustopece"]
[BlackTeam "Prostejov"]
[WhiteTeamCountry "CZE"]
[BlackTeamCountry "CZE"]

1. d4 Nf6 2. Bg5 Ne4 3. Bh4 d5 4. f3 Nd6 5. Nd2 Bf5 6. c4 c6 7. c5 Nb5 8. e3 Nc7 9. Qb3 Qc8 10. e4 Bg6 11. Ne2 Nd7 12. Nc3 e5 13. dxe5 Nxc5 14. Qd1 dxe4 15. fxe4 Qd7 16. Qf3 N7e6 17. 0-0-0 Qc7 18. Nc4 b5 19. Nd6+ Bxd6 20. exd6 Qa5 21. d7+ Nxd7 22. Qd3 Ne5 23. Qd6 Qc7 24. Bg3 Qxd6 25. Rxd6 Ng4 26. Be2 Nf6 27. Bf3 Rc8 28. e5 Nd5 29. Kd2 b4 30. Nxd5 cxd5 31. Bxd5 Rc2+ 32. Ke3 Rxb2 33. Bxe6 fxe6 34. Rxe6+ Kf7 35. Ra6 Rd8 36. e6+ Ke8 37. Re1 Rd3+ 38. Kf4 Ra3 39. Rc6 Rc3 40. Rc1 Rbc2 41. Rxc2 Bxc2 42. Rxc3 bxc3 43. Be1 Bb1 44. Bxc3 Bxa2 45. Ke5 Bb1 46. Kd6 g6 47. Ke5 h5 48. h4 a6 49. Bb4 Bc2 50. Kf6 Bb1 51. Kg5 Bc2 52. Kf4 Bf5 53. Ke5 Bc2 54. g3 Bf5 55. Kf6 Bc2 56. Kg5 a5 1/2-1/2

[Event "CZE-chT2E 0910"]
[Site "Czech Republic"]
[Date "2010.02.28"]
[Round "8.7"]
[White "Vlacil, Vladimir"]
[Black "Korenek, Petr"]
[Result "1/2-1/2"]
[WhiteElo "2060"]
[BlackElo "2171"]
[PlyCount "44"]
[EventDate "2009.10.18"]
[EventType "team-tourn"]
[EventRounds "11"]
[EventCountry "CZE"]
[SourceTitle "EXT 2012"]
[Source "ChessBase"]
[SourceDate "2011.11.24"]
[SourceVersion "1"]
[SourceVersionDate "2011.11.24"]
[SourceQuality "1"]
[WhiteTeam "Prostejov"]
[BlackTeam "Zlin II"]
[WhiteTeamCountry "CZE"]
[BlackTeamCountry "CZE"]

1. e4 e5 2. Nf3 Nf6 3. Nc3 Nc6 4. Bb5 Bb4 5. 0-0 0-0 6. d3 d6 7. Bg5 Bxc3 8. bxc3 h6 9. Bd2 Ne7 10. Re1 c6 11. Ba4 Ng6 12. Bb3 b5 13. a4 Bb7 14. c4 a6 15. axb5 axb5 16. cxb5 cxb5 17. Rxa8 Bxa8 18. Qa1 Re8 19. Qa6 d5 20. exd5 Bxd5 21. Bxd5 Qxd5 22. Ra1 e4 1/2-1/2

[Event "CZE-chT2e 0607"]
[Site "Czech Republic"]
[Date "2007.03.11"]
[Round "9.5"]
[White "Prikryl, Tomas"]
[Black "Vlacil, Vladimir"]
[Result "0-1"]
[WhiteElo "2090"]
[BlackElo "2073"]
[PlyCount "96"]
[EventDate "2006.10.15"]
[EventType "team"]
[EventRounds "11"]
[EventCountry "CZE"]
[SourceTitle "EXT 2009"]
[Source "ChessBase"]
[SourceDate "2008.11.26"]
[SourceVersion "1"]
[SourceVersionDate "2008.11.26"]
[SourceQuality "1"]

1. e4 e5 2. Nf3 Nc6 3. Nc3 Nf6 4. g3 Bb4 5. Bg2 d6 6. d3 Bg4 7. h3 Be6 8. 0-0 h6 9. Be3 Qd7 10. Kh2 g5 11. a3 Bxc3 12. bxc3 g4 13. Ng1 gxh3 14. Bxh3 Bxh3 15. Nxh3 Ng4+ 16. Kg2 Nxe3+ 17. fxe3 0-0-0 18. Qh5 Rhf8 19. Rf6 d5 20. Raf1 dxe4 21. Rxf7 Rxf7 22. Rxf7 Qd6 23. Qf5+ Kb8 24. Qxe4 Qxa3 25. c4 Qc3 26. Nf2 a5 27. Qh7 Rc8 28. Qxh6 a4 29. Rf8 a3 30. Rxc8+ Kxc8 31. Qf8+ Nd8 32. Qf5+ Kb8 33. Qf8 a2 34. Qxd8+ Ka7 35. Qxc7 a1Q 36. Qc5+ b6 37. Qc7+ Ka6 38. Qc8+ Ka5 39. Qa8+ Kb4 40. Qf8+ Ka4 41. Qa8+ Qa5 42. Qc6+ Ka3 43. d4 exd4 44. Ne4 Qd1 45. Qd6+ Kb2 46. Nf2 Qdd2 47. Qf6 Qxc2 48. Qxd4+ Ka2 0-1

[Event "CZE-chT2e 0607"]
[Site "Czech Republic"]
[Date "2007.02.25"]
[Round "8.6"]
[White "Travnicek, Peter Jr"]
[Black "Vlacil, Vladimir"]
[Result "1/2-1/2"]
[WhiteElo "2194"]
[BlackElo "2073"]
[PlyCount "50"]
[EventDate "2006.10.15"]
[EventType "team"]
[EventRounds "11"]
[EventCountry "CZE"]
[SourceTitle "EXT 2009"]
[Source "ChessBase"]
[SourceDate "2008.11.26"]
[SourceVersion "1"]
[SourceVersionDate "2008.11.26"]
[SourceQuality "1"]

1. d4 Nf6 2. Nf3 g6 3. Bf4 Bg7 4. c3 0-0 5. e3 d5 6. Bd3 b6 7. Qe2 Bb7 8. Nbd2 Nbd7 9. h3 Re8 10. 0-0 Ne4 11. Bxe4 dxe4 12. Ng5 Nf6 13. f3 exf3 14. Ngxf3 Ne4 15. Nxe4 Bxe4 16. Ng5 Bc6 17. Nxf7 Qd5 18. Ne5 Bxe5 19. Bxe5 Bb5 20. Qf3 Qxf3 21. Rxf3 c5 22. Re1 Rf8 23. Rxf8+ Kxf8 24. dxc5 bxc5 25. Rd1 Bc6 1/2-1/2

[Event "CZE-chT2e 0607"]
[Site "Czech Republic"]
[Date "2007.02.11"]
[Round "7.7"]
[White "Zdrazil, Tomas"]
[Black "Vlacil, Vladimir"]
[Result "1-0"]
[WhiteElo "2002"]
[BlackElo "2073"]
[PlyCount "95"]
[EventDate "2006.10.15"]
[EventType "team"]
[EventRounds "11"]
[EventCountry "CZE"]
[SourceTitle "EXT 2009"]
[Source "ChessBase"]
[SourceDate "2008.11.26"]
[SourceVersion "1"]
[SourceVersionDate "2008.11.26"]
[SourceQuality "1"]

1. e4 c5 2. Nf3 e6 3. d4 cxd4 4. Nxd4 a6 5. Nc3 Qc7 6. g3 Nc6 7. Bg2 Nf6 8. 0-0 Bc5 9. Nb3 Be7 10. Bf4 d6 11. Ne2 0-0 12. c4 Ne5 13. Rc1 Nfd7 14. Nbd4 b6 15. b3 Bb7 16. Be3 Ng4 17. Bd2 Nc5 18. f3 Ne5 19. Be3 Rfd8 20. Nc3 Rac8 21. Qe2 Ned3 22. Rcd1 Nb4 23. Rd2 Bf6 24. Rc1 Rd7 25. f4 Qd8 26. Qd1 Rcc7 27. a3 Nc6 28. b4 Bxd4 29. Bxd4 Nxd4 30. Rxd4 e5 31. Rd2 Ne6 32. fxe5 dxe5 33. Nd5 Bxd5 34. exd5 Nd4 35. c5 bxc5 36. bxc5 Ne6 37. Rdc2 Nd4 38. Rc4 Qg5 39. Qd3 Qg4 40. Re1 f6 41. d6 Rc8 42. Bd5+ Kh8 43. Rxd4 Qxd4+ 44. Qxd4 exd4 45. Bc6 Rf7 46. Re8+ Rf8 47. Rxc8 Rxc8 48. d7 1-0

[Event "CZE-chT2e 0607"]
[Site "Czech Republic"]
[Date "2006.11.05"]
[Round "2.7"]
[White "Zavadilova, Jana"]
[Black "Vlacil, Vladimir"]
[Result "0-1"]
[WhiteElo "2080"]
[BlackElo "2073"]
[PlyCount "96"]
[EventDate "2006.10.15"]
[EventType "team"]
[EventRounds "11"]
[EventCountry "CZE"]
[SourceTitle "EXT 2009"]
[Source "ChessBase"]
[SourceDate "2008.11.26"]
[SourceVersion "1"]
[SourceVersionDate "2008.11.26"]
[SourceQuality "1"]

1. d4 Nf6 2. c4 g6 3. Nc3 Bg7 4. e4 d6 5. f4 0-0 6. Nf3 c5 7. d5 Na6 8. Be2 Nc7 9. 0-0 a6 10. Rb1 Bd7 11. b4 cxb4 12. Rxb4 b5 13. e5 Nfe8 14. Be3 a5 15. Rb2 b4 16. Na4 Bxa4 17. Qxa4 Na6 18. Qb5 Nac7 19. Qc6 Ra6 20. Qa4 Ra8 21. Nd4 dxe5 22. Nc6 Qd7 23. Bc5 Nd6 24. fxe5 Bxe5 25. Rc2 Na6 26. Qxa5 Nxc5 27. Qxc5 Bc3 28. Nxb4 Bxb4 29. Qxb4 Ra4 30. Qb3 Nf5 31. Qc3 Qa7+ 32. c5 Ra3 33. Qd2 Ne3 34. Rfc1 Nxc2 35. Rxc2 Rc8 36. Qb4 Rxa2 37. Rxa2 Qxa2 38. Kf1 Qa1+ 39. Kf2 Qa7 40. Bf3 Qxc5+ 41. Qxc5 Rxc5 42. Ke3 Kg7 43. Kd4 Ra5 44. h3 Kf6 45. Ke4 Ra4+ 46. Kd3 Ke5 47. Ke3 Rd4 48. Ke2 Rxd5 0-1

[Event "CZE-chT2e 0506"]
[Site "Czech Republic"]
[Date "2006.02.26"]
[Round "8.6"]
[White "Petrik, Petr"]
[Black "Vlacil, Vladimir"]
[Result "1/2-1/2"]
[WhiteElo "1693"]
[BlackElo "2056"]
[PlyCount "74"]
[EventDate "2005.10.16"]
[EventType "team"]
[EventRounds "11"]
[EventCountry "CZE"]
[SourceTitle "EXT 2008"]
[Source "ChessBase"]
[SourceDate "2007.11.25"]
[SourceVersion "1"]
[SourceVersionDate "2007.11.25"]
[SourceQuality "1"]

1. e4 c5 2. Nf3 e6 3. d4 cxd4 4. Nxd4 a6 5. c3 Nc6 6. g3 Nf6 7. Bg2 Be7 8. 0-0 0-0 9. Nd2 Qc7 10. Re1 Ne5 11. Qe2 d6 12. c4 Bd7 13. b3 Rab8 14. Bb2 b5 15. f4 Nc6 16. N2f3 Nxd4 17. Nxd4 bxc4 18. e5 dxe5 19. fxe5 c3 20. Rac1 Qb6 21. Bxc3 Bb5 22. Qf2 Ng4 23. Qf4 Nh6 24. Kh1 Rbc8 25. Bd2 Rxc1 26. Rxc1 Bc5 27. Nxb5 axb5 28. Rxc5 Qxc5 29. Bb4 Qc2 30. Bxf8 Kxf8 31. Qb4+ Kg8 32. Qxb5 g6 33. h4 Qd1+ 34. Bf1 Qf3+ 35. Bg2 Qd1+ 36. Bf1 Qf3+ 37. Bg2 Qd1+ 1/2-1/2

[Event "CZE-chT2e 0506"]
[Site "Czech Republic"]
[Date "2005.12.18"]
[Round "5.5"]
[White "Hudacek, Josef"]
[Black "Vlacil, Vladimir"]
[Result "1/2-1/2"]
[WhiteElo "2074"]
[BlackElo "2056"]
[PlyCount "91"]
[EventDate "2005.10.16"]
[EventType "team"]
[EventRounds "11"]
[EventCountry "CZE"]
[SourceTitle "EXT 2008"]
[Source "ChessBase"]
[SourceDate "2007.11.25"]
[SourceVersion "1"]
[SourceVersionDate "2007.11.25"]
[SourceQuality "1"]

1. e4 c5 2. Ne2 e6 3. g3 Nc6 4. Bg2 g6 5. 0-0 Bg7 6. d3 Nge7 7. Nd2 0-0 8. f4 d5 9. c3 b6 10. Nf3 dxe4 11. dxe4 Ba6 12. Kf2 Qxd1 13. Rxd1 Rad8 14. Be3 Na5 15. Nd2 Nc4 16. Nxc4 Bxc4 17. Rac1 Bb5 18. Bf3 Bc6 19. b4 Rxd1 20. Rxd1 Ba4 21. Rd6 cxb4 22. cxb4 Rc8 23. g4 Bf8 24. Rd2 Nc6 25. Rb2 Nxb4 26. Kg3 Nc2 27. Bf2 Bc5 28. h4 Bxf2+ 29. Kxf2 Rc5 30. Rb1 Kf8 31. h5 Bb5 32. Ng3 Nd4 33. Bd1 Bd3 34. Rb2 Bc2 35. Bxc2 Rxc2+ 36. Rxc2 Nxc2 37. hxg6 hxg6 38. Ne2 Ke7 39. Nc3 Na3 40. Ke3 f6 41. f5 gxf5 42. gxf5 Nc4+ 43. Kd4 Nd6 44. fxe6 Kxe6 45. a4 a6 46. Nd5 1/2-1/2

[Event "MOR-chT2M 0203"]
[Site "Moravia"]
[Date "2002.12.01"]
[Round "4"]
[White "Vlacil, Vladimir"]
[Black "Stanec, Stanislav"]
[Result "0-1"]
[WhiteElo "2092"]
[BlackElo "2189"]
[PlyCount "54"]
[EventDate "2002.10.??"]
[EventType "team"]
[EventRounds "11"]
[EventCountry "CZE"]
[SourceTitle "EXT 2006"]
[Source "ChessBase"]
[SourceDate "2005.11.24"]
[SourceVersion "1"]
[SourceVersionDate "2005.11.24"]
[SourceQuality "1"]

1. e4 e5 2. Nf3 Nf6 3. Nc3 Nc6 4. Bb5 d6 5. d4 Bd7 6. Bg5 Be7 7. 0-0 exd4 8. Nxd4 Nxd4 9. Qxd4 Bxb5 10. Nxb5 0-0 11. Rfe1 a6 12. Nc3 Re8 13. Rad1 Qc8 14. h3 Rd8 15. Qd3 Rd7 16. Bxf6 Bxf6 17. e5 Be7 18. e6 fxe6 19. Rxe6 Bf8 20. Rde1 Rf7 21. Qe4 c6 22. Qg4 d5 23. Ne2 Qd7 24. Nf4 Bc5 25. Nd3 Bd6 26. Qe2 Raf8 27. Ne5 Qxe6 0-1